00323nam a2200097Ia 45000010005000000080041000050820030000461000063000762450062001392600024002013087241024s9999 xx 000 0 und d aRD/374.26/R426c/2013-2014 aRepública Dominicana. Ministerio de Educación (MINERD) 0aCalendario Escolar de la República Dominicana 2013-2014 bSanto Domingoc2013